[Event "ARCTIC CHESS CHALLENGE 2010"]
[Site "SCANDIC TROMSØ"]
[Date "2010.07.31"]
[Round "5"]
[White "Klip, Hans"]
[Black "Sarakauskiene, Zivile"]
[Result "1-0"]
[WhiteElo "2366"]
[BlackElo "2181"]
[PlyCount "55"]
[EventDate "2010.??.??"]

1. e4 c5 2. Nf3 e6 3. Nc3 a6 4. d4 cxd4 5. Nxd4 Qc7 6. Bd3 Nc6 7. Nb3 Nf6 8. f4
d6 9. O-O Be7 10. Qf3 Nb4 11. Qg3 g6 12. Bd2 Bd7 13. Kh1 h5 14. h3 h4 15. Qf2
Nh5 16. Qd4 Ng3+ 17. Kg1 Rg8 18. Qxb4 Nxf1 19. Rxf1 g5 20. fxg5 a5 21. Nb5 Qb6+
22. Qd4 Qc6 23. Nxa5 Rxa5 24. Bxa5 d5 25. exd5 exd5 26. Qf4 Qc5+ 27. Kh1 Bxb5
28. Qb8+ 1-0

[Event "ARCTIC CHESS CHALLENGE 2010"]
[Site "SCANDIC TROMSØ"]
[Date "2010.07.31"]
[Round "5"]
[White "Welling, Gerard"]
[Black "Rehn, Ralf"]
[Result "0-1"]
[WhiteElo "2352"]
[BlackElo "2164"]
[PlyCount "78"]
[EventDate "2010.??.??"]

1. d4 f5 2. Nf3 Nf6 3. Bg5 e6 4. Nbd2 d5 5. e3 Be7 6. Bd3 O-O 7. c4 Ne4 8. Bxe7
Qxe7 9. O-O c6 10. a3 Nd7 11. b4 Rf6 12. b5 Rh6 13. bxc6 bxc6 14. cxd5 exd5 15.
Re1 g5 16. Nf1 g4 17. N3d2 Ndf6 18. Qc2 Bd7 19. Bxe4 fxe4 20. Qc5 Qe6 21. Rab1
Rf8 22. Ng3 Nh5 23. Ndf1 Nxg3 24. Nxg3 Qf7 25. Re2 Rf6 26. Rb7 h5 27. Nh1 Qe6
28. Qxa7 R6f7 29. Reb2 h4 30. Rc7 h3 31. Ng3 hxg2 32. Nh5 g3 33. Nxg3 Qg4 34.
Rxd7 Rxd7 35. Qa6 Rf6 36. Rb8+ Kg7 37. Qe2 Rf3 38. a4 Qh3 39. Qe1 Rxg3 0-1

[Event "ARCTIC CHESS CHALLENGE 2010"]
[Site "SCANDIC TROMSØ"]
[Date "2010.07.31"]
[Round "5"]
[White "De Haan, Eric"]
[Black "Botheim, Tor"]
[Result "1-0"]
[WhiteElo "2345"]
[BlackElo "1929"]
[PlyCount "129"]
[EventDate "2010.??.??"]

1. d4 Nf6 2. c4 g6 3. Nc3 Bg7 4. e4 d6 5. f3 O-O 6. Bg5 a6 7. a4 Nbd7 8. Nh3 h6
9. Be3 e5 10. d5 a5 11. Nf2 Nc5 12. g4 Ne8 13. Qc2 Qh4 14. O-O-O f5 15. gxf5
gxf5 16. Nd3 Nxd3+ 17. Bxd3 f4 18. Bf2 Qh3 19. Be2 b6 20. Rdg1 Kh7 21. Qd1 Bd7
22. Bf1 Qh5 23. h4 Bf6 24. Bh3 Bxh3 25. Rxh3 Rd8 26. Rh2 Rd7 27. Rhg2 Rg7 28.
Rxg7+ Bxg7 29. Nb5 Bf6 30. Rg4 Qf7 31. Qh1 h5 32. Rg1 Rg8 33. Rxg8 Kxg8 34. Qh3
Kg7 35. Kd2 Kh6 36. Qf5 Qe7 37. Qc8 Qd8 38. Qe6 Ng7 39. Qh3 Qe7 40. Kc2 Qd8 41.
Kb3 Kh7 42. Na7 Qa8 43. Nc6 Qe8 44. Kc3 Kh6 45. b4 axb4+ 46. Kxb4 Kh7 47. Kb5
Kh6 48. Kb4 Kh7 49. Kb3 Kh6 50. Be1 Kh7 51. a5 bxa5 52. Bxa5 Qf7 53. Ka4 Kh6
54. Kb5 Ne8 55. Be1 Kh7 56. Ka6 Kh6 57. Kb7 Kh7 58. Kc8 Kh6 59. Qe6 Qf8 60. Kb7
Kg7 61. Bf2 Qf7 62. Qxf7+ Kxf7 63. Kc8 Kf8 64. Kd7 Kf7 65. Na7 1-0

[Event "ARCTIC CHESS CHALLENGE 2010"]
[Site "SCANDIC TROMSØ"]
[Date "2010.07.31"]
[Round "5"]
[White "Røyset, Pål"]
[Black "Medvegy, Nora Dr"]
[Result "1-0"]
[WhiteElo "2152"]
[BlackElo "2343"]
[PlyCount "78"]
[EventDate "2010.??.??"]

1. e4 c5 2. Nf3 e6 3. c3 d5 4. e5 Ne7 5. d4 Nec6 6. Bd3 b6 7. a3 a5 8. Nbd2 Ba6
9. Bb1 Nd7 10. Nf1 Qc7 11. Be3 f6 12. exf6 Nxf6 13. Ng5 Qd7 14. Ng3 Kd8 15. Nh5
cxd4 16. cxd4 h6 17. Nh3 Nxh5 18. Qxh5 Bd6 19. Bg6 Rf8 20. Qd1 Ne7 21. Bd3 Bb5
22. O-O Rc8 23. f4 Bxd3 24. Qxd3 Nf5 25. Bf2 Rc4 26. b3 Rc6 27. g4 Ne7 28. Bg3
Qc8 29. Rfe1 Bb8 30. Re3 Rc1+ 31. Rxc1 Qxc1+ 32. Re1 Qc6 33. Qe3 Kd7 34. f5
Bxg3 35. hxg3 Rf6 36. Nf4 Nc8 37. Rc1 Qd6 38. fxe6+ Kd8 39. Qe5 Qxa3 1-0

[Event "ARCTIC CHESS CHALLENGE 2010"]
[Site "SCANDIC TROMSØ"]
[Date "2010.07.31"]
[Round "5"]
[White "Sigeman, Johan"]
[Black "Zozulia, Anna"]
[Result "0-1"]
[WhiteElo "2153"]
[BlackElo "2340"]
[PlyCount "44"]
[EventDate "2010.??.??"]

1. d4 Nf6 2. c4 g6 3. Nc3 Bg7 4. Nf3 O-O 5. g3 d6 6. Bg2 c6 7. O-O Qa5 8. e4
Qh5 9. Re1 e5 10. dxe5 dxe5 11. Nd2 Qxd1 12. Rxd1 Be6 13. b3 a5 14. Ba3 Re8 15.
Na4 Na6 16. Bd6 Rad8 17. c5 b5 18. Nb2 Bf8 19. Bxf8 Kxf8 20. a4 Nxc5 21. axb5
cxb5 22. Rxa5 Rxd2 0-1

[Event "ARCTIC CHESS CHALLENGE 2010"]
[Site "SCANDIC TROMSØ"]
[Date "2010.07.31"]
[Round "5"]
[White "Søraas, Torben"]
[Black "Dworakowska, Joanna"]
[Result "0-1"]
[WhiteElo "2139"]
[BlackElo "2338"]
[PlyCount "62"]
[EventDate "2010.??.??"]

1. e4 c6 2. d4 d5 3. exd5 cxd5 4. Bd3 Nc6 5. c3 Qc7 6. h3 Nf6 7. Nf3 g6 8. O-O
Bg7 9. Re1 O-O 10. Nbd2 Bf5 11. Nf1 Bxd3 12. Qxd3 Rad8 13. Ng3 a6 14. Bg5 Ne8
15. Qd2 f6 16. Bh6 e5 17. Bxg7 Nxg7 18. dxe5 fxe5 19. Rad1 e4 20. Nh2 Ne5 21.
Re2 Ne6 22. Nh1 Nf4 23. Ree1 Nfd3 24. Rf1 Nc4 25. Qe2 Ncxb2 26. Rb1 Qxc3 27. f3
Rde8 28. fxe4 Qc5+ 29. Nf2 Rxe4 30. Qd2 Nxf2 31. Rxf2 Nd3 0-1

[Event "ARCTIC CHESS CHALLENGE 2010"]
[Site "SCANDIC TROMSØ"]
[Date "2010.07.31"]
[Round "5"]
[White "Goetzee, Rick"]
[Black "Kadziolka, Beata"]
[Result "0-1"]
[WhiteElo "1953"]
[BlackElo "2305"]
[PlyCount "82"]
[EventDate "2010.??.??"]

1. d4 g6 2. c4 Bg7 3. Nc3 c5 4. d5 Bxc3+ 5. bxc3 f5 6. Nf3 Qa5 7. Qc2 d6 8. e3
Nf6 9. Bd3 Nbd7 10. O-O Nb6 11. Re1 Bd7 12. Nd2 O-O-O 13. e4 fxe4 14. Nxe4 Nxe4
15. Rxe4 Rde8 16. Bf4 Qa4 17. Qxa4 Nxa4 18. Rae1 Bf5 19. Rxe7 Rxe7 20. Bxf5+
Kd8 21. Bg5 Rhe8 22. Bc2 Nxc3 23. a3 Kd7 24. Rxe7+ Rxe7 25. Bxe7 Kxe7 26. Kf1
Kf6 27. f4 b5 28. cxb5 Nxd5 29. Kf2 Nxf4 30. Ke3 Ke5 31. a4 Nxg2+ 32. Kd2 Nf4
33. a5 Ne6 34. Kc3 d5 35. Ba4 Kd6 36. Bd1 Nd4 37. Ba4 Ne2+ 38. Kd2 Nd4 39. Kc3
Nf3 40. h3 Ng5 41. a6 Kc7 0-1

[Event "ARCTIC CHESS CHALLENGE 2010"]
[Site "SCANDIC TROMSØ"]
[Date "2010.07.31"]
[Round "5"]
[White "Ramondino, Renzo"]
[Black "Flermoen, Peter"]
[Result "1/2-1/2"]
[WhiteElo "2289"]
[BlackElo "2144"]
[PlyCount "116"]
[EventDate "2010.??.??"]

1. Nf3 Nf6 2. c4 g6 3. Nc3 d5 4. Qa4+ Bd7 5. Qb3 dxc4 6. Qxc4 Bg7 7. e4 Bc6 8.
d3 O-O 9. Be2 b6 10. Bf4 Nfd7 11. d4 e5 12. Bg5 Qc8 13. d5 Bb7 14. Nb5 Na6 15.
Rc1 h6 16. Bh4 g5 17. Bg3 Nac5 18. b4 a6 19. Nxc7 Qxc7 20. bxc5 Qxc5 21. O-O
Rac8 22. Qxc5 Rxc5 23. Rxc5 Nxc5 24. Nd2 f6 25. Rb1 b5 26. Rc1 Rc8 27. Bg4 Nd7
28. Rd1 Rd8 29. f3 Bf8 30. Nb3 Ba3 31. Rd2 Bb4 32. Rc2 Rc8 33. Rb2 Rd8 34. Bf2
Kf7 35. Nd4 Bc3 36. Ne6 Rc8 37. Rc2 Ba5 38. Rxc8 Bxc8 39. Nc5 Nxc5 40. Bh5+ Kg7
41. Bxc5 Bd7 42. Be7 Bb6+ 43. Kf1 a5 44. Ke2 b4 45. Kd3 Bb5+ 46. Kc2 Bc4 47.
Kb1 Bg1 48. Be8 Bb6 49. Bh5 Bf1 50. g3 Bd4 51. Bd8 a4 52. Be7 b3 53. axb3 axb3
54. Ba3 Bd3+ 55. Kc1 Bb5 56. Bg4 Kf7 57. Bh5+ Kg7 58. Bg4 Kf7 1/2-1/2

[Event "ARCTIC CHESS CHALLENGE 2010"]
[Site "SCANDIC TROMSØ"]
[Date "2010.07.31"]
[Round "5"]
[White "Dolzhikova, Olga"]
[Black "Pettersson, Tobias"]
[Result "1-0"]
[WhiteElo "2263"]
[BlackElo "2135"]
[PlyCount "47"]
[EventDate "2010.??.??"]

1. e4 d6 2. d4 Nf6 3. Nc3 e5 4. f4 Nbd7 5. Nf3 exd4 6. Qxd4 c6 7. Be3 d5 8.
O-O-O c5 9. Qa4 d4 10. e5 Ng4 11. Bg1 dxc3 12. f5 Be7 13. Qxg4 Qb6 14. bxc3 O-O
15. Be3 Qa5 16. Bh6 g6 17. fxg6 hxg6 18. e6 Nf6 19. exf7+ Kh7 20. Qh4 Qa3+ 21.
Kb1 Ng4 22. Qxe7 Bf5 23. Bd3 Qxc3 24. Bd2 1-0

[Event "ARCTIC CHESS CHALLENGE 2010"]
[Site "SCANDIC TROMSØ"]
[Date "2010.07.31"]
[Round "5"]
[White "Svensen, Tarjei Joten"]
[Black "Alfred, Nathan S W"]
[Result "0-1"]
[WhiteElo "2129"]
[BlackElo "2263"]
[PlyCount "84"]
[EventDate "2010.??.??"]

1. d4 e6 2. c4 c5 3. d5 exd5 4. cxd5 d6 5. Nc3 Nf6 6. g3 g6 7. Bg2 Bg7 8. Nf3
O-O 9. O-O Na6 10. Nd2 Rb8 11. a4 Nc7 12. Nc4 Nce8 13. Nb5 Bg4 14. Nxa7 Nc7 15.
Bf4 Ra8 16. Nb5 Nxb5 17. axb5 Rxa1 18. Qxa1 Bxe2 19. Rc1 Bxc4 20. Rxc4 Nh5 21.
Be3 Qd7 22. Bf1 f5 23. Qc1 Nf6 24. b4 b6 25. Qd1 Ng4 26. bxc5 bxc5 27. Qb1 Qe7
28. b6 Nxe3 29. fxe3 Qxe3+ 30. Kh1 Bd4 31. Bg2 Rb8 32. Rc1 Rxb6 33. Qc2 Rb2 34.
Qd1 Qf2 35. Qf1 h5 36. Qxf2 Rxf2 37. Bf1 Kg7 38. Bd3 Kf6 39. Rc2 Rxc2 40. Bxc2
c4 41. Kg2 Ke5 42. h3 Kxd5 0-1

[Event "ARCTIC CHESS CHALLENGE 2010"]
[Site "SCANDIC TROMSØ"]
[Date "2010.07.31"]
[Round "5"]
[White "Jæger, Frode Bull"]
[Black "Briscoe, Chris"]
[Result "1-0"]
[WhiteElo "2103"]
[BlackElo "2247"]
[PlyCount "40"]
[EventDate "2010.??.??"]

1. e4 Nf6 2. e5 Nd5 3. d4 d6 4. Nf3 Nc6 5. c4 Nb6 6. e6 fxe6 7. Nc3 g6 8. h4
Bg7 9. h5 e5 10. d5 Nd4 11. Nxd4 exd4 12. Nb5 c5 13. dxc6 e5 14. hxg6 hxg6 15.
Rxh8+ Bxh8 16. Bd3 bxc6 17. Bxg6+ Ke7 18. Qh5 Qf8 19. Bg5+ Bf6 20. Qh7+ Ke6 1-0

[Event "ARCTIC CHESS CHALLENGE 2010"]
[Site "SCANDIC TROMSØ"]
[Date "2010.07.31"]
[Round "5"]
[White "Gukhvat, Peter"]
[Black "Andreassen, Arnold"]
[Result "1-0"]
[WhiteElo "2242"]
[BlackElo "2094"]
[PlyCount "59"]
[EventDate "2010.??.??"]

1. Nf3 Nf6 2. c4 g6 3. Nc3 d5 4. cxd5 Nxd5 5. h4 h5 6. Qb3 Nb6 7. Ng5 e6 8. d3
Bg7 9. Nge4 Qe7 10. Bg5 f6 11. Be3 Na6 12. Rc1 O-O 13. a4 f5 14. a5 Nd7 15. Ng5
f4 16. Bd2 Nac5 17. Qa2 Nb8 18. b4 Nca6 19. b5 Nc5 20. Qc4 b6 21. Nce4 Nxe4 22.
Qxe4 c6 23. bxc6 Na6 24. Qxg6 Rf6 25. Qh7+ Kf8 26. Qe4 e5 27. c7 Nxc7 28. Bb4
Rd6 29. Qxa8 Nxa8 30. Rxc8+ 1-0

[Event "ARCTIC CHESS CHALLENGE 2010"]
[Site "SCANDIC TROMSØ"]
[Date "2010.07.31"]
[Round "5"]
[White "Lindberg, Henrik"]
[Black "Hagen, Anders G"]
[Result "1/2-1/2"]
[WhiteElo "2230"]
[BlackElo "2085"]
[PlyCount "105"]
[EventDate "2010.??.??"]

1. e4 c5 2. Nf3 d6 3. d4 cxd4 4. Nxd4 Nf6 5. Nc3 Nc6 6. Be2 g6 7. O-O Bg7 8.
Nb3 O-O 9. Bg5 a6 10. Re1 b5 11. Bf1 Bb7 12. a4 b4 13. Nd5 Nd7 14. Rb1 Re8 15.
Qd2 Nb6 16. Nxb4 Nxa4 17. Nxc6 Bxc6 18. Nd4 Bd7 19. f3 Qc7 20. c3 a5 21. Rec1
Nc5 22. b4 Ne6 23. Be3 axb4 24. cxb4 Qb7 25. Nxe6 Bxe6 26. b5 Ra2 27. Rc2 Rea8
28. b6 Rxc2 29. Qxc2 Ra1 30. Rxa1 Bxa1 31. Qa4 Be5 32. Ba6 Qb8 33. f4 Bxf4 34.
Bxf4 Qxb6+ 35. Kf1 Qb1+ 36. Kf2 Qb2+ 37. Kf3 Qc3+ 38. Kf2 Qf6 39. Kg3 Qc3+ 40.
Kf2 Qf6 41. Ke3 g5 42. Bg3 Qc3+ 43. Bd3 Qc1+ 44. Kf2 h5 45. h3 h4 46. Bh2 Qb2+
47. Qc2 Qd4+ 48. Kf1 g4 49. hxg4 Bxg4 50. Bg1 Qa1+ 51. Qb1 Qf6+ 52. Bf2 h3 53.
gxh3 1/2-1/2

[Event "ARCTIC CHESS CHALLENGE 2010"]
[Site "SCANDIC TROMSØ"]
[Date "2010.07.31"]
[Round "5"]
[White "Leite, Steinar"]
[Black "Grotnes, Nils R"]
[Result "0-1"]
[WhiteElo "1714"]
[BlackElo "2219"]
[PlyCount "62"]
[EventDate "2010.??.??"]

1. e4 e5 2. Nf3 Nc6 3. d4 exd4 4. Nxd4 Nf6 5. Nc3 Bb4 6. Nxc6 bxc6 7. Bd3 d5 8.
e5 Ng4 9. Bf4 d4 10. a3 dxc3 11. axb4 Qd4 12. Qf3 cxb2 13. Rb1 O-O 14. O-O Nxe5
15. Bxe5 Qxe5 16. Qxc6 Rb8 17. Rfe1 Qg5 18. Qe4 g6 19. Qd4 c5 20. bxc5 Qd2 21.
c3 Rb3 22. Red1 Qxc3 23. Qxc3 Rxc3 24. Rxb2 Rd8 25. Rbd2 Rxc5 26. f3 Rcd5 27.
Kf2 Bf5 28. Ke3 Rxd3+ 29. Rxd3 Rxd3+ 30. Rxd3 Bxd3 31. Kxd3 Kg7 0-1

[Event "ARCTIC CHESS CHALLENGE 2010"]
[Site "SCANDIC TROMSØ"]
[Date "2010.07.31"]
[Round "5"]
[White "Carlsen, Henrik"]
[Black "Angskog, Kent"]
[Result "1/2-1/2"]
[WhiteElo "2085"]
[BlackElo "2204"]
[PlyCount "52"]
[EventDate "2010.??.??"]

1. d4 g6 2. c4 Bg7 3. Nf3 d6 4. e4 Bg4 5. Be2 c5 6. d5 Nf6 7. Nc3 O-O 8. O-O
Na6 9. Be3 Nc7 10. Qd2 a6 11. e5 Nd7 12. exd6 exd6 13. a4 Rb8 14. Ng5 Bxe2 15.
Qxe2 Re8 16. Nf3 Nf6 17. Qd3 Qd7 18. Rfe1 b5 19. axb5 axb5 20. b3 Ng4 21. Ra7
bxc4 22. bxc4 Nxe3 23. fxe3 Rb3 24. Rc1 Bh6 25. Re1 Bg7 26. Rc1 Bh6 1/2-1/2

[Event "ARCTIC CHESS CHALLENGE 2010"]
[Site "SCANDIC TROMSØ"]
[Date "2010.07.31"]
[Round "5"]
[White "Van Den Bersselaar, Jeroen"]
[Black "Tari, Aryan"]
[Result "1-0"]
[WhiteElo "2197"]
[BlackElo "2060"]
[PlyCount "75"]
[EventDate "2010.??.??"]

1. d4 Nf6 2. c4 e6 3. Nf3 b6 4. a3 Bb7 5. Nc3 d5 6. cxd5 exd5 7. Qa4+ Bc6 8.
Qc2 Bd6 9. Bg5 h6 10. Bh4 Nbd7 11. e3 a6 12. Bd3 O-O 13. O-O Bb7 14. e4 dxe4
15. Bxe4 Bxe4 16. Nxe4 Be7 17. Rfe1 Nxe4 18. Bxe7 Qxe7 19. Rxe4 Qd6 20. Rc1 c5
21. Rd1 Qg6 22. Qe2 Nf6 23. Re5 Rfe8 24. dxc5 bxc5 25. Rc1 Rxe5 26. Qxe5 c4 27.
Qc7 Nd5 28. Qxc4 Rd8 29. h3 Kh7 30. b4 Nb6 31. Qxa6 Ra8 32. Qb7 Rxa3 33. Ne5
Qg5 34. Re1 Qf6 35. Nxf7 Ra2 36. Qe4+ g6 37. Ne5 Rxf2 38. Ng4 1-0

[Event "ARCTIC CHESS CHALLENGE 2010"]
[Site "SCANDIC TROMSØ"]
[Date "2010.07.31"]
[Round "5"]
[White "Steil-Antoni, Fiona"]
[Black "Laverton, Christian"]
[Result "0-1"]
[WhiteElo "2193"]
[BlackElo "2007"]
[PlyCount "44"]
[EventDate "2010.??.??"]

1. e4 c5 2. Nc3 e6 3. g3 d5 4. exd5 exd5 5. d4 Nc6 6. dxc5 d4 7. Ne4 Bxc5 8.
Nxc5 Qa5+ 9. Bd2 Qxc5 10. a3 Nf6 11. Bg2 O-O 12. Ne2 Bg4 13. f3 Bf5 14. Rc1
Rfe8 15. b4 Qb6 16. Bg5 d3 17. cxd3 Nd4 18. Rc2 Nxc2+ 19. Qxc2 Rac8 20. Qd2 Nd5
21. Kf1 h6 22. Bf4 g5 0-1

[Event "ARCTIC CHESS CHALLENGE 2010"]
[Site "SCANDIC TROMSØ"]
[Date "2010.07.31"]
[Round "5"]
[White "Røyset, Jon K"]
[Black "Karlsen, Sverre"]
[Result "1-0"]
[WhiteElo "2190"]
[BlackElo "2050"]
[PlyCount "81"]
[EventDate "2010.??.??"]

1. d4 d6 2. e4 Nf6 3. Nc3 g6 4. Be3 Bg7 5. f3 c6 6. Qd2 Nbd7 7. g4 h6 8. Nge2
b5 9. Ng3 b4 10. Nd1 e5 11. Qxb4 exd4 12. Qxd4 Ne5 13. Be2 Nfxg4 14. fxg4 Nf3+
15. Bxf3 Bxd4 16. Bxd4 O-O 17. Ne3 Qg5 18. Ng2 Ba6 19. Bc3 d5 20. h4 Qe7 21.
O-O-O Qc7 22. Nf1 dxe4 23. Bxe4 Be2 24. Rd4 c5 25. Ra4 Qd7 26. b3 Rac8 27. Nge3
c4 28. Nd5 f6 29. Nfe3 cxb3 30. axb3 Bb5 31. Ra5 Rxc3 32. Nxc3 Qd4 33. Ned5 a6
34. Rd1 Qe5 35. Bxg6 Rc8 36. Nxb5 axb5 37. Ra7 Kh8 38. Kb1 Qe2 39. Rh7+ Kg8 40.
Nxf6+ Kf8 41. Rf7# 1-0

[Event "ARCTIC CHESS CHALLENGE 2010"]
[Site "SCANDIC TROMSØ"]
[Date "2010.07.31"]
[Round "5"]
[White "Jalloul, Maya M"]
[Black "Haarr, Jon Kristian"]
[Result "0-1"]
[WhiteElo "1894"]
[BlackElo "2188"]
[PlyCount "78"]
[EventDate "2010.??.??"]

1. e4 c6 2. d4 d5 3. Nd2 dxe4 4. Nxe4 Nd7 5. Bd3 Ndf6 6. Nf3 Nxe4 7. Bxe4 Nf6
8. Bd3 Bg4 9. c3 e6 10. h3 Bh5 11. Bf4 Qd5 12. Qe2 Be7 13. Bc4 Bxf3 14. gxf3
Qf5 15. Be5 O-O-O 16. O-O-O Nd5 17. Qe4 Bg5+ 18. Kb1 f6 19. Bg3 Rhe8 20. Rde1
Qg6 21. Bd3 Qf7 22. h4 Bd2 23. Re2 Bxc3 24. Rc1 Ba5 25. Qxh7 f5 26. Be5 Nf6 27.
Bxf6 Qxf6 28. h5 Rh8 29. Qg6 Qxg6 30. hxg6 Rd6 31. Bc4 Kd7 32. a3 Rh6 33. Rg1
Bb6 34. b4 Bxd4 35. f4 a6 36. Bxe6+ Rxe6 37. Rd2 Rd6 38. Rgd1 c5 39. bxc5 Bxc5
0-1

[Event "ARCTIC CHESS CHALLENGE 2010"]
[Site "SCANDIC TROMSØ"]
[Date "2010.07.31"]
[Round "5"]
[White "Larsen, Martin Halsvik"]
[Black "Pettersen, Joar Gullestad"]
[Result "0-1"]
[WhiteElo "2178"]
[BlackElo "2045"]
[PlyCount "106"]
[EventDate "2010.??.??"]

1. e4 c5 2. c3 d5 3. e5 Bf5 4. Bb5+ Nc6 5. d4 e6 6. Nf3 Qb6 7. Bxc6+ bxc6 8.
O-O Bg6 9. dxc5 Bxc5 10. b4 Bf8 11. Nd4 Nh6 12. Be3 Qc7 13. Qa4 Rc8 14. b5 cxb5
15. Qxb5+ Qd7 16. Qxd7+ Kxd7 17. Nd2 Ng4 18. Bf4 Rxc3 19. h3 Nh6 20. Rfc1 Rxc1+
21. Rxc1 Ba3 22. Rc6 Rc8 23. Ra6 Bc5 24. N2b3 Bb6 25. Be3 Bd3 26. Ra3 Bc4 27.
Na5 Nf5 28. Nxf5 exf5 29. Nb7 Rc7 30. Nd6 Bxe3 31. fxe3 Ke6 32. Ne8 Rb7 33. Nd6
Rc7 34. Ne8 Rb7 35. Nd6 Rd7 36. Ne8 g6 37. Nf6 Rb7 38. Nxh7 Kxe5 39. Ng5 a6 40.
Nf3+ Kd6 41. Nd2 Kc5 42. Rc3 Rb2 43. Nxc4 dxc4 44. Ra3 Kb5 45. g4 Kb4 46. Rxa6
c3 47. gxf5 c2 48. Rc6 Rb1+ 49. Kf2 c1=Q 50. Rxc1 Rxc1 51. fxg6 fxg6 52. Kf3
Kc4 53. Kf4 Kd5 0-1

[Event "ARCTIC CHESS CHALLENGE 2010"]
[Site "SCANDIC TROMSØ"]
[Date "2010.07.31"]
[Round "5"]
[White "Mikalsen, Harald"]
[Black "Zepeda, Lorena"]
[Result "0-1"]
[WhiteElo "1880"]
[BlackElo "2169"]
[PlyCount "54"]
[EventDate "2010.??.??"]

1. e4 c5 2. Nf3 d6 3. d4 cxd4 4. Nxd4 Nf6 5. Nc3 a6 6. Bd3 e6 7. O-O Be7 8. Be3
Nc6 9. Nce2 O-O 10. Ng3 Qc7 11. f4 Nxd4 12. Bxd4 e5 13. Bc3 Rd8 14. fxe5 dxe5
15. h3 Be6 16. Qf3 b5 17. Nf5 Bxf5 18. exf5 b4 19. Be1 Rac8 20. Kh1 a5 21. b3
e4 22. Bxe4 Qe5 23. Bh4 Bd6 24. g3 Nxe4 25. Rfe1 Re8 26. Rac1 Nxg3+ 27. Kg2 Ne4
0-1

[Event "ARCTIC CHESS CHALLENGE 2010"]
[Site "SCANDIC TROMSØ"]
[Date "2010.07.31"]
[Round "5"]
[White "Eriksson, Magnus"]
[Black "Brasøy, Aksel"]
[Result "1-0"]
[WhiteElo "2165"]
[BlackElo "2011"]
[PlyCount "75"]
[EventDate "2010.??.??"]

1. d4 Nf6 2. c4 e6 3. Nf3 Bb4+ 4. Nbd2 b6 5. a3 Bxd2+ 6. Bxd2 Bb7 7. Bf4 d6 8.
e3 Nbd7 9. Be2 Qe7 10. O-O e5 11. dxe5 dxe5 12. Bg5 h6 13. Bh4 g5 14. Bg3 O-O-O
15. Qa4 Kb8 16. b4 Ne4 17. c5 Nc3 18. Qc2 Nxe2+ 19. Qxe2 h5 20. h4 gxh4 21.
Nxh4 Qg5 22. Qc4 Nf6 23. c6 Bc8 24. Nf3 Qf5 25. Bxe5 h4 26. Qxf7 Nd5 27. Qxf5
Bxf5 28. Bxh8 Rxh8 29. Rfd1 Nc3 30. Rd2 h3 31. g3 Kc8 32. Rc1 Nb5 33. Nh4 Be6
34. a4 Nd6 35. Rd4 Rg8 36. Kh2 Rg5 37. e4 a5 38. f4 1-0

[Event "ARCTIC CHESS CHALLENGE 2010"]
[Site "SCANDIC TROMSØ"]
[Date "2010.07.31"]
[Round "5"]
[White "Savola, Ari"]
[Black "Kvisla, Johannes Luangtep"]
[Result "0-1"]
[WhiteElo "1970"]
[BlackElo "2163"]
[PlyCount "82"]
[EventDate "2010.??.??"]

1. d4 d5 2. c4 c6 3. Nc3 Nf6 4. Nf3 e6 5. Bg5 h6 6. Bh4 dxc4 7. a4 Bb4 8. Qc2
a5 9. e4 g5 10. Bg3 b5 11. Be5 Nbd7 12. Be2 Nxe5 13. Nxe5 Bb7 14. Rd1 Nd7 15.
O-O Bxc3 16. Qxc3 Nxe5 17. dxe5 Qc7 18. Rd6 Ba6 19. Bh5 b4 20. Qf3 Qe7 21. Rfd1
Rh7 22. Qg4 Bc8 23. f4 Ra7 24. Rxc6 Bd7 25. Rxc4 Kf8 26. Rcd4 Bxa4 27. Rd8+ Kg7
28. R1d6 Bd7 29. Rb8 Rh8 30. Rxh8 Kxh8 31. f5 a4 32. f6 Qf8 33. Qd1 a3 34. bxa3
bxa3 35. Rxd7 Rxd7 36. Qxd7 a2 37. Qa7 Qb4 38. h4 Qe1+ 39. Kh2 Qxh4+ 40. Kg1
Qe1+ 41. Kh2 a1=Q 0-1

[Event "ARCTIC CHESS CHALLENGE 2010"]
[Site "SCANDIC TROMSØ"]
[Date "2010.07.31"]
[Round "5"]
[White "Eriksen, Magnus"]
[Black "Marzano, Carlo"]
[Result "0-1"]
[WhiteElo "1961"]
[BlackElo "2159"]
[PlyCount "104"]
[EventDate "2010.??.??"]

1. e4 d6 2. d4 Nf6 3. Nc3 e5 4. dxe5 dxe5 5. Qxd8+ Kxd8 6. Bc4 Be6 7. Bxe6 fxe6
8. f3 Bd6 9. Be3 Ke7 10. O-O-O Nc6 11. h4 a6 12. Nh3 h6 13. Nf2 Nh5 14. g4 Nf6
15. h5 Raf8 16. Rdf1 Rf7 17. Kd1 Rhf8 18. Ke2 Nb4 19. Rc1 Nd7 20. Rh3 Bc5 21.
Nd3 Bxe3 22. Kxe3 Nc6 23. Rg1 Nd4 24. Ne1 b5 25. g5 hxg5 26. Rxg5 c5 27. Rhg3
Rh8 28. Ne2 Nc6 29. c3 Rh7 30. Ng2 Nf6 31. Rh3 Kd6 32. Ne1 Rf8 33. Ng3 Rfh8 34.
Ng2 Na5 35. b3 Nc6 36. Ne1 b4 37. cxb4 Nxb4 38. a3 Nc6 39. Rh2 Rb8 40. Rb2 Na5
41. Rd2+ Ke7 42. Rd3 Nd7 43. b4 cxb4 44. axb4 Nc4+ 45. Kf2 Rxb4 46. Rc3 Rb2+
47. Kg1 Nd2 48. Nf1 Nb3 49. Nd3 Rb1 50. Kg2 Nd4 51. Ne3 Rg1+ 52. Kxg1 Nxf3+ 0-1

[Event "ARCTIC CHESS CHALLENGE 2010"]
[Site "SCANDIC TROMSØ"]
[Date "2010.07.31"]
[Round "5"]
[White "Sahl, Sheila Barth"]
[Black "Johansen, Stian"]
[Result "1-0"]
[WhiteElo "2156"]
[BlackElo "1899"]
[PlyCount "63"]
[EventDate "2010.??.??"]

1. e4 c5 2. Nf3 d6 3. d4 cxd4 4. Nxd4 Nf6 5. Nc3 g6 6. f4 Nc6 7. Nf3 Bg7 8. Bd3
O-O 9. O-O a6 10. Qe1 e5 11. fxe5 dxe5 12. a3 b5 13. Kh1 Re8 14. Bg5 h6 15. Bh4
Qd6 16. Nd2 Nd4 17. Bxf6 Bxf6 18. Qf2 Re6 19. Nd5 Kg7 20. c3 Nc6 21. Nb3 Ne7
22. Nc5 Nxd5 23. exd5 Re8 24. Ne4 Qe7 25. Qxf6+ Qxf6 26. Nxf6 Rd8 27. Rae1 Bb7
28. Rxe5 Rac8 29. h3 Ba8 30. Re7 Kf8 31. Ra7 Kg7 32. Bc2 1-0

[Event "ARCTIC CHESS CHALLENGE 2010"]
[Site "SCANDIC TROMSØ"]
[Date "2010.07.31"]
[Round "5"]
[White "Kjøita, Torgeir"]
[Black "Obers, Frits"]
[Result "1/2-1/2"]
[WhiteElo "1796"]
[BlackElo "2112"]
[PlyCount "46"]
[EventDate "2010.??.??"]

1. e4 c5 2. Nf3 g6 3. d4 cxd4 4. Nxd4 Nc6 5. Nb3 Bg7 6. Nc3 Nf6 7. Be2 O-O 8.
O-O d6 9. f4 Be6 10. Be3 Qc8 11. Nd4 Nxd4 12. Bxd4 Bc4 13. Rf3 Qc6 14. Bxc4
Qxc4 15. Qd3 Rfc8 16. Rc1 Qxd3 17. cxd3 Rc6 18. Rff1 Rac8 19. Ne2 a6 20. h3 Rc2
21. Rfe1 Nh5 22. Bc3 Rxc1 23. Rxc1 e6 1/2-1/2

[Event "ARCTIC CHESS CHALLENGE 2010"]
[Site "SCANDIC TROMSØ"]
[Date "2010.07.31"]
[Round "5"]
[White "Buchkremer, Felix"]
[Black "Tocklin, Tomi"]
[Result "1/2-1/2"]
[WhiteElo "2090"]
[BlackElo "1885"]
[PlyCount "55"]
[EventDate "2010.??.??"]

1. e4 c6 2. d4 d5 3. exd5 cxd5 4. c4 Nf6 5. Nc3 e6 6. Nf3 Be7 7. cxd5 Nxd5 8.
Bd3 Nc6 9. O-O O-O 10. Re1 Bf6 11. a3 Nxc3 12. bxc3 b6 13. Qc2 g6 14. h4 Bb7
15. h5 Ne7 16. hxg6 hxg6 17. Ne5 Rc8 18. Bh6 Bg7 19. Qd2 Nf5 20. Bg5 Qc7 21.
Rac1 f6 22. Nxg6 fxg5 23. Rxe6 Nh4 24. Qxg5 Nxg6 25. Qxg6 Qf4 26. Qh7+ Kf7 27.
Qg6+ Kg8 28. Qh7+ 1/2-1/2

[Event "ARCTIC CHESS CHALLENGE 2010"]
[Site "SCANDIC TROMSØ"]
[Date "2010.07.31"]
[Round "5"]
[White "Forså, Elise"]
[Black "Monsøy, Arild"]
[Result "1/2-1/2"]
[WhiteElo "1693"]
[BlackElo "1961"]
[PlyCount "61"]
[EventDate "2010.??.??"]

1. e4 d6 2. d4 Nf6 3. Nc3 g6 4. g3 Bg7 5. Bg2 O-O 6. Nge2 e5 7. h3 Nc6 8. Be3
h6 9. O-O Qe7 10. dxe5 Nxe5 11. b3 Nc6 12. Qd2 Kh7 13. Rad1 Bd7 14. Nf4 Qd8 15.
Rfe1 Ne5 16. Nd3 Nc6 17. Kh2 Ng8 18. Nd5 Nge7 19. N3f4 Ng8 20. c4 b6 21. Nb4
Nxb4 22. Qxb4 Rb8 23. Qd2 Bc6 24. Qc2 Qc8 25. b4 Re8 26. Rb1 Ne7 27. c5 dxc5
28. bxc5 Qb7 29. cxb6 cxb6 30. Rbd1 Rbd8 31. Qc4 1/2-1/2

[Event "ARCTIC CHESS CHALLENGE 2010"]
[Site "SCANDIC TROMSØ"]
[Date "2010.07.31"]
[Round "5"]
[White "Hegelund, Ole Jakob"]
[Black "Grebstad, Kjell Børre"]
[Result "1/2-1/2"]
[WhiteElo "1689"]
[BlackElo "1952"]
[PlyCount "93"]
[EventDate "2010.??.??"]

1. e4 e6 2. d4 d5 3. Nd2 Nf6 4. e5 Nfd7 5. Bd3 c5 6. c3 Nc6 7. Ne2 Qb6 8. Nf3
Be7 9. Qb3 Qxb3 10. axb3 cxd4 11. cxd4 Nb4 12. Bb1 b6 13. Bd2 a5 14. Bc3 Ba6
15. Kd2 O-O 16. Nc1 Nb8 17. Re1 N8c6 18. Nd3 Rfc8 19. g4 Rc7 20. h4 g6 21. g5
Kg7 22. h5 Nxd3 23. h6+ Kf8 24. Bxd3 Bxd3 25. Kxd3 b5 26. Rec1 Rac8 27. Ke3 Nd8
28. Bd2 Rxc1 29. Rxc1 Rxc1 30. Bxc1 Ke8 31. Kd3 Kd7 32. Nh2 Kc6 33. Ng4 Nb7 34.
f4 b4 35. Kc2 Nd8 36. Kd3 Kb5 37. Kc2 Nc6 38. Be3 Bd8 39. Nf6 Bxf6 40. gxf6 a4
41. bxa4+ Kxa4 42. Bf2 b3+ 43. Kc3 Nb4 44. Be3 Na2+ 45. Kd3 Nb4+ 46. Kc3 Na2+
47. Kd3 1/2-1/2